Философские понятия и их авторы - Statistics

General Stats
  • This quiz has been taken 16 times
  • The average score is 7 of 15
Answer Stats
Понятие / концепция Автор % Correct
Силлогизмы Аристотель
87%
Град (государственность) Марк Аврелий
87%
Коммунизм Карл Маркс
87%
Пещера Платон
67%
Снятие Георг Вильгельм Фридрих Гегель
67%
Ресентимент Фридрих Ницше
60%
Бессознательное Зинмунд Фройд
47%
Атом Демокрит
47%
Абсурдизм Альбер Камю
33%
Апории Зенон
27%
Схоластика Фома Аквинский
27%
Феноменология Эдмунд Гуссерль
20%
Сущее Мартин Хайдеггер
20%
Анархо-индивидуализм Макс Штирнер
20%
Симулякр Жорж Батай
7%
No matching quizzes found
Score Distribution
Percent of People with Each Score
Percentile by Number Answered
Your Score History
You have not taken this quiz